书目信息 |
| 题名: |
超导电性
|
|
| 作者: | 弗思 著 ;伍凌武 译 | |
| 分册: | ||
| 出版信息: | 北京 科学出版社 1977 |
|
| 页数: | 51页 | |
| 开本: | 19cm | |
| 丛书名: | ||
| 单 册: | ||
| 中图分类: | O511 | |
| 科图分类: | ||
| 主题词: | 超导电性 | |
| 电子资源: | ||
| ISBN: | ||
| 000 | 00609nam0 2200241 45 | |
| 001 | 0177001046 | |
| 005 | 20060816081813.12 | |
| 010 | @dCNY0.17 | |
| 091 | @a13031.593 | |
| 100 | @a19951011d1977 kemy0chiy0121 ea | |
| 101 | 1 | @achi |
| 102 | @aCN@b110000 | |
| 105 | @ay z 000yy | |
| 200 | 10 | @a超导电性@Achao dao dian xing@fI.M.弗思著@g伍凌武译 |
| 210 | @a北京@c科学出版社@d1977 | |
| 215 | @a51页@d19cm | |
| 606 | @a超导电性 | |
| 690 | @aO511@v3 | |
| 701 | 1 | @a弗思@Afu si@bI.M.@4著 |
| 702 | 0 | @a伍凌武@Awu ling wu@4译 |
| 801 | 2 | @aCN@bNLC@c20060816 |
| 801 | 0 | @aCN@bTSSF |
| 905 | @a10447@dO511@e13 | |
| 超导电性/I.M.弗思著/伍凌武译.-北京:科学出版社,1977 |
| 51页;19cm |
| ISBN :CNY0.17 |
| ● |
| 相关链接 |
|
|
|
|
正题名:超导电性
索取号:O511/13
 
预约/预借
| 序号 | 登录号 | 条形码 | 馆藏地/架位号 | 状态 | 备注 |
| 1 | 0461778 | 204617780 | 密集书库/ [索取号:O511/13] | 在馆 |